LIBRARY & INFORMATION CENTRE, KCAET, TAVANUR

ONLINE PUBLIC ACCESS CATALOGUE (OPAC)

Hydrology and soil conservation engineering Including watershed management (Record no. 14842)

MARC details
000 -LEADER
fixed length control field 00749cam a2200253ua 4500
020 ## - INTERNATIONAL STANDARD BOOK NUMBER
ISBN 81-203-1493-X
020 ## - INTERNATIONAL STANDARD BOOK NUMBER
ISBN 9788120335868
082 ## - DEWEY DECIMAL CLASSIFICATION NUMBER
Classification number 631.45
Item number DAS/HY
100 ## - MAIN ENTRY--AUTHOR NAME
Personal name Das, Ghanshyam .
245 ## - TITLE STATEMENT
Title Hydrology and soil conservation engineering Including watershed management
250 ## - EDITION STATEMENT
Edition statement 2
260 ## - PUBLICATION, DISTRIBUTION, ETC. (IMPRINT)
Place of publication New Delhi :
Name of publisher Prentice Hall of India Pvt Ltd. ,
Year of publication 2016
300 ## - PHYSICAL DESCRIPTION
Number of Pages 539 ; .
650 ## - SUBJECT ADDED ENTRY--TOPICAL TERM
Topical Term Abstraction losses
650 ## - SUBJECT ADDED ENTRY--TOPICAL TERM
Topical Term Flood routing
650 ## - SUBJECT ADDED ENTRY--TOPICAL TERM
Topical Term Hydrographs
650 ## - SUBJECT ADDED ENTRY--TOPICAL TERM
Topical Term Precipitation
650 ## - SUBJECT ADDED ENTRY--TOPICAL TERM
Topical Term Soil erosion
650 ## - SUBJECT ADDED ENTRY--TOPICAL TERM
Topical Term stream flow
650 ## - SUBJECT ADDED ENTRY--TOPICAL TERM
Topical Term Time series analysis
650 ## - SUBJECT ADDED ENTRY--TOPICAL TERM
Topical Term water harvesting
650 ## - SUBJECT ADDED ENTRY--TOPICAL TERM
Topical Term watershed management
942 ## - ADDED ENTRY ELEMENTS (KOHA)
Koha item type Books
Holdings
Withdrawn status Lost status Damaged status Collection code Home library Current library Shelving location Date acquired Source of acquisition Cost, normal purchase price Full call number Accession Number Koha item type
        KAUAET KAUAET General Stacks 30/03/2017 Neoti book Agency 425.00 631.45 DAS/HY 25285 Books
        KAUAET KAUAET General Stacks 30/03/2017 Neoti book Agency 425.00 631.45 DAS/HY 25286 Books
        KAUAET KAUAET General Stacks 18/03/2018 Neoti book agency 425.00 631.45 DAS/HY 25570 Books
free website counter